Aspectos de las verificaciones observadas en automotores : falsificación de numeración individualizadora /

Guardado en:
Autor Principal: Varessio, Daniel Gustavo.
Otros Autores: Rivarola, Rodolfo V., (prol.)
Formato: Libro
Idioma:Spanish
Publicado: Córdoba : Alveroni, 2012.
Edición:1a. ed.
Series:Breviarios de Derecho Penal ; 15
Materias:
Etiquetas: Agregar Etiqueta
Sin Etiquetas, Sea el primero en etiquetar este registro!
LEADER 00865nam a22001935a 4500
001 DER.der014184
008 190927s2012####ag############000#0#spa#d
005 20241104172939.0
245 1 0 |a Aspectos de las verificaciones observadas en automotores :  |b falsificación de numeración individualizadora /  |c Daniel Gustavo Varessio. 
250 |a 1a. ed. 
260 |a Córdoba :  |b Alveroni,  |c 2012. 
300 |a 85 p. 
490 0 |a Breviarios de Derecho Penal ;  |v 15 
500 |a El artículo 289, inc. 3 del Código Penal y su divorcio con el digesto de normas técnico-registrables. Revenido químico-objeto a peritar. El automotor hurtado o robado. Motor y chasis objeto de maniobras delictivas. 
020 |a 9789876430838 
100 1 |a Varessio, Daniel Gustavo. 
700 1 |a Rivarola, Rodolfo V.,  |e prol. 
650 7 |a DERECHO PENAL 
859 |a DERECHO  |b BIB. DERECHO  |h 345  |i VAR  |p 009429